00503nam a2200193Ia 4500008004100000020001400041050001400055100001900069245002400088245004700112245004900159260001500208260001600223260000900239300001600248300002700264300001000291500000800301170918s9999 xx 000 0 und d a590436848 bC726 1921 aColum, Padriac 4aThe golden fleece : band the heroes who lived before Achilles / cPadriac Colum ; illustrated by Willy Pogany. aNew York : bScholastic, c1921 a316 pages : bcolored illustration ; c19cm. a980